Normal view
MARC view
- Hafiz Muhammad Umer
Entry Personal Name
001 - CONTROL NUMBER
- control field: 4533
003 - CONTROL NUMBER IDENTIFIER
- control field: NUST
005 - DATE AND TIME OF LATEST TRANSACTION
- control field: 20170911130546.0
008 - FIXED-LENGTH DATA ELEMENTS
- fixed length control field: 170911|| aca||aabn | a|a d
040 ## - CATALOGING SOURCE
- Original cataloging agency: NUST
- Transcribing agency: NUST
100 ## - HEADING--PERSONAL NAME
- Personal name: Hafiz Muhammad Umer
670 ## - SOURCE DATA FOUND
- Source citation: Work cat.: (NUST): Hafiz Muhammad Umer, Flight Dynamic Analysis of A Versatile UAV with Various Wing Morphing Schemes, July, 2017
